| 000 | 00747nam a2200253 a 4500 | ||
|---|---|---|---|
| 999 |
_c1272 _d1272 |
||
| 001 | 3298008 | ||
| 003 | OSt | ||
| 005 | 20210625055726.0 | ||
| 008 | 830310s1984 ohua b 001 0 eng | ||
| 010 | _a 83060766 | ||
| 020 | _a0538062002 | ||
| 040 |
_aDLC _cDLC _dDLC |
||
| 050 | 0 | 0 |
_aHG8051 _.W53 1984 |
| 082 | 0 | 0 |
_368 _219 |
| 100 | 1 | _aWilliams, Numan A. | |
| 245 | 1 | 0 |
_aInsurance : _ban introduction to personal risk management / _cNuman A. Williams. |
| 260 |
_aCincinnati : _bSouth-Western Pub. Co., _cc1984. |
||
| 300 |
_ax, 310 p. : _bill. (some col.) ; _c24 cm. |
||
| 500 | _aIncludes index. | ||
| 504 | _aBibliography: p. 299-302. | ||
| 650 | 0 | _aInsurance. | |
| 906 |
_a7 _bcbc _corignew _d3 _eopcn _f19 _gy-gencatlg |
||
| 942 |
_2lcc _cBK _nMM |
||